Normal view
MARC view
- Supervisor: Dr. Rashid Farooq
Entry Personal Name
001 - CONTROL NUMBER
- control field: 123718
003 - CONTROL NUMBER IDENTIFIER
- control field: NUST
005 - DATE AND TIME OF LATEST TRANSACTION
- control field: 20240614110315.0
008 - FIXED-LENGTH DATA ELEMENTS
- fixed length control field: 240614|| aca||aabn | a|a d
040 ## - CATALOGING SOURCE
- Original cataloging agency: NUST
- Transcribing agency: NUST
100 ## - HEADING--PERSONAL NAME
- Personal name: Supervisor: Dr. Rashid Farooq
670 ## - SOURCE DATA FOUND
- Source citation: Work cat.: (NUST)526299: Khan, Mehtab 17276, Energy of digraphs and signed digraphs/, 2017.
